000 01299nam a22003617a 4500
001 000099831
003 CHAP
005 20220329143422.0
008 090601s2002 mx r 00010 spa d
010 _a96295
011 _a97267
035 _a107931
040 _cCHAP
082 0 4 _a631.5
_bU11
110 2 _aUACH.
_bDepartamento de Preparatoria Agrícola. Área de Agronomía
_9115813
245 1 0 _aReporte del viaje de estudios a la comunidad de Charco Nduayoo, Santiago Jamiltepec, Oaxaca del del 4 al 13 de mayo de 2002 /
_c/por Departamento de Preparatoria Agrícola, catedrático José Manuel Arceo Arceo.
260 _aChapingo, Méx. :
_bUACH. Departamento de Preparatoria Agrícola,
_c2002.
300 _a[80 h.].
590 _aBATCH-UPD
_b10
_c20130110
_lUCH01
_h0849
590 _aBATCH-UPD
_b10
_c20130410
_lUCH01
_h0522
590 _aCONVERSION
_b10
_c20130109
_lUCH01
_h1353
590 _aE11695DGD
_b10
_c20150407
_lUCH01
_h1110
650 1 4 _aAgricultura
_xMorelos.
_91747
650 1 4 _aAgricultura
_xOaxaca.
_91756
650 1 4 _aComunidades rurales.
_926254
650 1 4 _aCultivos
_xOaxaca.
_930303
650 1 4 _aCultivos
_zMorelos.
_930365
650 1 4 _aViajes de estudio.
_9119036
700 0 _aArceo Arceo, Jose Manuel.
_96783
901 _aBK
942 _cLIBRO
942 _n0
999 _c96295
_d96295